| 000 | 01180cam a2200349 c 4500 | ||
|---|---|---|---|
| 001 | 26416 | ||
| 003 | Mx-PuUPA | ||
| 005 | 20251024090427.0 | ||
| 008 | 140415s2017 mx ad gr 001 0 spa d | ||
| 020 | _a9786070737923 | ||
| 040 |
_aMx-PuUPA _bspa _cMx-PuUPA _dMx-PuUPA _erda |
||
| 041 | 0 | _aspa | |
| 043 | _an-mx--- | ||
| 100 | 1 |
_aPazos, Luis, _d1947- _eautor _95918 |
|
| 245 | 1 | 0 |
_aEPN : _bel retroceso / _cLuis Pazos |
| 250 |
_aPrimera edición / _benero |
||
| 264 | 1 |
_aCiudad de México : _bDiana, _c2017 |
|
| 300 |
_a150 páginas : _bilustraciones, gráficas ; _c23 cm |
||
| 336 |
_2rdacontent _atexto _btxt |
||
| 337 |
_2rdamedia _asin medio _bn |
||
| 338 |
_2rdacarrier _avolumen _bnc |
||
| 500 | _aReimpresiones: (primera reimpresión, mayo, 2017). | ||
| 600 | 1 | 4 | _aPeña Nieto, Enrique, |
| 650 | 7 |
_2armarc _913986 |
|
| 651 | 4 |
_aMéxico _xCondiciones económicas _ySiglo XXI |
|
| 651 | 4 |
_aMéxico _xPolítica económica _xHistoria _ySiglo XXI |
|
| 651 | 4 |
_aMéxico _xHistoria económica |
|
| 942 |
_2ddc _cLI _h330.972084 _iP34 |
||
| 999 |
_c26416 _d26416 |
||